| 000 | 00508nam a2200181 a 4500 | ||
|---|---|---|---|
| 001 | 575 | ||
| 003 | CDMR | ||
| 005 | 20131205125231.0 | ||
| 008 | 130130s1969||||||||||||||||||||||||||||d | ||
| 040 |
_aCDMR _bcat _cCDMR |
||
| 100 | 1 |
_aMcLuhan, Marshall _9425 |
|
| 245 | 1 | 0 |
_aContraexplosión _cMarshall McLuhan ; diseñado por Harley Parker |
| 260 |
_aBuenos Aires _c1969 _bPaidós |
||
| 300 | _a147 p. | ||
| 650 | 0 | 4 |
_9405 _aMitjans de comunicació de massa |
| 650 | 0 | 4 |
_93629 _aComunicació _xAssaigs |
| 942 |
_cMON _2udc |
||
| 999 |
_c575 _d575 |
||